Géographie - Toutes les communes du Maine et Loire (France) - Statistiques

Statistiques générales
  • Ce quiz a été pris 26 fois
  • Le résultat moyen est 27 sur 176
Statistiques - réponses
Population Ville % Correct
157 175 Angers
100%
53 936 Cholet
96%
26 215 Saumur
81%
5 557 Beaucouzé
62%
15 358 Trélazé
62%
14 938 Avrillé
54%
12 725 Les Ponts-de-Cé
54%
6 690 Bouchemaine
42%
21 386 Chemillé-en-Anjou
42%
11 228 Doué-en-Anjou
42%
5 254 Le Lion-d'Angers
42%
11 757 Baugé-en-Anjou
38%
6 994 Beaufort-en-Anjou
38%
6 519 Chalonnes-sur-Loire
38%
9 460 Saint-Barthélemy-d'Anjou
38%
17 699 Segré-en-Anjou Bleu
38%
885 Loiré
35%
6 671 Longué-Jumelles
35%
3 710 Montreuil-Bellay
35%
7 842 Montreuil-Juigné
35%
5 935 Mûrs-Erigné
35%
2 933 Allonnes
31%
10 895 Brissac Loire Aubance
31%
8 464 Gennes-Val-de-Loire
31%
16 416 Loire-Authion
31%
3 718 Saint-Georges-sur-Loire
31%
25 806 Sèvremoine
31%
4 487 Tiercé
31%
23 639 Beaupréau-en-Mauges
27%
4 475 Écouflant
27%
1 541 Étriché
27%
3 351 Durtal
23%
1 121 Le Puy-Notre-Dame
23%
5 815 Mazé-Milon
23%
5 501 Noyant-Villages
23%
3 552 Sainte-Gemmes-sur-Loire
23%
466 Verrie
23%
2 057 Brain-sur-Allonnes
19%
1 781 Distré
19%
2 202 Feneu
19%
7 724 Lys-Haut-Layon
19%
18 331 Mauges-sur-Loire
19%
3 208 Maulévrier
19%
16 709 Orée d'Anjou
19%
2 866 Seiches-sur-le-Loir
19%
3 081 Trémentines
19%
7 775 Verrières-en-Anjou
19%
2 551 Vivy
19%
3 151 Briollay
15%
2 380 Cantenay-Épinard
15%
1 015 Cheffes
15%
1 427 Denée
15%
453 Dénezé-sous-Doué
15%
1 500 Fontevraud-l'Abbaye
15%
2 456 La Possonnière
15%
417 Montsoreau
15%
8 859 Ombrée d'Anjou
15%
2 308 Rochefort-sur-Loire
15%
2 109 Saint-Clément-de-la-Place
15%
2 201 Saint-Melaine-sur-Aubance
15%
1 320 Toutlemonde
15%
1 743 Tuffalun
15%
2 782 Bécon-les-Granits
12%
122 Béhuard
12%
5 826 Bellevigne-en-Layon
12%
3 463 Bellevigne-les-Châteaux
12%
944 Blou
12%
272 Carbay
12%
1 846 Champtocé-sur-Loire
12%
343 Cléré-sur-Layon
12%
1 547 Coron
12%
5 780 Erdre-en-Anjou
12%
1 427 Grez-Neuville
12%
2 785 Jarzé Villages
12%
120 La Lande-Chasles
12%
2 036 La Ménitré
12%
4 212 La Séguinière
12%
3 839 Le May-sur-Èvre
12%
2 543 Les Bois d'Anjou
12%
8 727 Les Hauts-d'Anjou
12%
1 224 Montilliers
12%
15 755 Montrevault-sur-Èvre
12%
799 Mouliherne
12%
1 270 Saint-Augustin-des-Bois
12%
2 858 Saint-Christophe-du-Bois
12%
1 112 Saint-Clément-des-Levées
12%
1 349 Savennières
12%
3 918 Terranjou
12%
1 986 Vernantes
12%
1 446 Villebernier
12%
460 Antoigné
8%
317 Armaillé
8%
623 Baracé
8%
2 120 Bégrolles-en-Mauges
8%
765 Bouillé-Ménard
8%
331 Cernusson
8%
792 Challain-la-Potherie
8%
934 Chaudefonds-sur-Layon
8%
1 954 Corzé
8%
667 Écuillé
8%
1 311 Huillé-Lézigné
8%
3 070 Ingrandes-le-Fresne-sur-Loire
8%
821 Juvardeil
8%
610 La Breille-les-Pins
8%
1 998 La Romagne
8%
2 622 Le Plessis-Grammoire
8%
4 631 Les Garennes sur Loire
8%
1 038 Les Rairies
8%
6 334 Longuenée-en-Anjou
8%
894 Louresse-Rochemenier
8%
1 024 Miré
8%
781 Montreuil-sur-Maine
8%
393 Parnay
8%
5 641 Rives-du-Loir-en-Anjou
8%
647 Rou-Marson
8%
1 405 Saint-Germain-des-Prés
8%
3 804 Saint-Léger-de-Linières
8%
3 072 Saint-Léger-sous-Cholet
8%
1 681 Saint-Martin-du-Fouilloux
8%
866 Somloire
8%
1 489 Soulaire-et-Bourg
8%
711 Souzay-Champigny
8%
1 252 Thorigné-d'Anjou
8%
3 464 Val-du-Layon
8%
1 892 Varennes-sur-Loire
8%
1 261 Varrains
8%
1 122 Vaudelnay
8%
1 283 Vernoil-le-Fourrier
8%
1 741 Vezins
8%
1 822 Yzernay
8%
922 Angrie
4%
1 353 Beaulieu-sur-Layon
4%
1 302 Blaison-Saint-Sulpice
4%
344 Brossay
4%
2 818 Candé
4%
397 Chambellay
4%
1 049 Chazé-sur-Argos
4%
341 Chenillé-Champteussé
4%
470 Cizay-la-Madeleine
4%
531 Courchamps
4%
714 Épieds
4%
801 La Chapelle-Saint-Laud
4%
1 013 La Plaine
4%
3 189 La Tessoualle
4%
951 Le Coudray-Macouard
4%
850 Marcé
4%
449 Montigné-lès-Rairies
4%
573 Montreuil-sur-Loir
4%
2 040 Mozé-sur-Louet
4%
993 Neuillé
4%
1 448 Nuaillé
4%
127 Passavant-sur-Layon
4%
223 Saint-Jean-de-la-Croix
4%
378 Saint-Just-sur-Dive
4%
446 Saint-Macaire-du-Bois
4%
1 331 Saint-Philbert-du-Peuple
4%
848 Sarrigné
4%
336 Sermaise
4%
573 Turquant
4%
4 946 Val d'Erdre-Auxence
4%
416 Artannes-sur-Thouet
0%
357 Aubigné-sur-Layon
0%
234 Bourg-l'Évêque
0%
690 Chanteloup-les-Bois
0%
474 Cornillé-les-Caves
0%
140 Courléon
0%
341 La Jaille-Yvon
0%
133 La Pellerine
0%
888 Les Cerqueux
0%
561 Les Ulmes
0%
1 274 Mazières-en-Mauges
0%
3 682 Morannes sur Sarthe-Daumeray
0%
2 949 Saint-Lambert-la-Potherie
0%
599 Saint-Paul-du-Bois
0%
1 166 Sceaux-d'Anjou
0%
1 371 Soulaines-sur-Aubance
0%
Aucun quiz correspondant
Distribution des résultats
% des personnes avec chaque résultat
Percentile par nombre de réponses
Votre historique - résultats
Vous n’avez pas pris ce quiz